Escenarios mundiales de la educacion superior: análisis global y estudios de casos

Sábháilte in:
Sonraí bibleagrafaíochta
Príomhchruthaitheoir: López Segrera, Francisco
Údar corparáideach: CLACSO
Formáid: Anaithnid
Foilsithe / Cruthaithe: Buenos Aires: CLACSO
Ábhair:
Clibeanna: Cuir clib leis
Níl clibeanna ann, Bí ar an gcéad duine le clib a chur leis an taifead seo!

MARC

LEADER 00000 a2200000 04500
001 34468
003
008 991231s d
040
020 |a 987-1183-61-5  
022 |a 987-1183-61-5  
090 |a 0005 L864e  
100 |a López Segrera, Francisco  
110 |a CLACSO  
245 |a Escenarios mundiales de la educacion superior: análisis global y estudios de casos  
260 |a Buenos Aires:   |b CLACSO  
300 |a 318 p.  
650 |a ENSEÑANZA SUPERIOR  
650 |a INTERNET  
999 |c 10420  |d 10420